• 首页
  • 本馆介绍
  • 公告通知
  • 最新文献
  • 馆藏检索
  • 电子资源
  • 读者导购
  • 参考咨询
  • 我的图书馆
  • 登录
  • 详细信息显示
  • 放入我的书架
  • 预约/预借图书
  • 作者相关作品
  • 分类相关作品
  • 丛书相关作品
  • 出版社相关作品

书目信息

  • 表格格式
  • 工作单格式
  • 卡片格式
题名:
拉赫玛尼诺夫浪漫曲选集
    
 
作者: 拉赫玛尼诺夫 作曲 ;喻宜萱 , 陈复君 选编\译配
分册:  
出版信息: 北京   人民音乐出版社  2003
页数: 148页
开本: 30cm
丛书名:
单 册:
中图分类: J652.5(512) , J652.5
科图分类:
主题词: 歌曲 , 歌曲--俄罗斯--现代--选集
电子资源:
ISBN: 7-103-02439-1
000 01158ncm0 2200277 450
001 002404380
005 20070806094310.92
010    @a7-103-02439-1@dCNY19.50
100    @a20030707d2003 em y0chiy0110 ea
101 0  @achi
102    @aCN@b110000
105    @ag z 000yy
200 1  @a拉赫玛尼诺夫浪漫曲选集@9la he ma ni nuo fu lang man qu xuan ji@f[(俄)拉赫玛尼诺夫(Сергей Васцльевич Рах монинов)作曲]@g喻宜萱,陈复君选编、译配
210    @a北京@c人民音乐出版社@d2003
215    @a148页@d30cm
330    @a本书收集了拉赫玛尼诺夫创作的40首浪漫曲,全集不仅展现了这位俄罗斯杰出作曲家创作天才的一个重要方面,另一方面,他的创作又深深地镌刻着革新者的印记。
510 1  @aSelected Romantic Songs of Rakhmaninov@zeng
606 0  @a歌曲
606 0  @a歌曲@y俄罗斯@z现代@j选集
690    @aJ652.5(512)@v4
690    @aJ652.5@v3
701  0 @c(俄)@a拉赫玛尼诺夫@9la he ma ni nuo fu@c(Рах монинов, Сергей Васцльевич@f1873.3~1943.3)@4作曲
702  0 @a喻宜萱@9yu yi xuan@c(女,@f1909~?)@4选编\译配
702  0 @a陈复君@9chen fu jun@4选编\译配
801  0 @aCN@bNLC@c20070806
905    @a10447@dJ652.5@e427
    
    拉赫玛尼诺夫浪漫曲选集/[(俄)拉赫玛尼诺夫(Сергей Васцльевич Рах монинов)作曲]/喻宜萱,陈复君选编、译配.-北京:人民音乐出版社,2003
    148页;30cm
    
    
    ISBN 7-103-02439-1:CNY19.50
    本书收集了拉赫玛尼诺夫创作的40首浪漫曲,全集不仅展现了这位俄罗斯杰出作曲家创作天才的一个重要方面,另一方面,他的创作又深深地镌刻着革新者的印记。
●
相关链接 在E读中查询图书 在五车中查询图书 在当当中查询图书 在豆瓣中查询图书


正题名:拉赫玛尼诺夫浪漫曲选集     索取号:J652.5/427         预约/预借

序号 登录号 条形码 馆藏地/架位号 状态 备注
1 0806351   208063511   第一样本阅览室/ [索取号:J652.5/427] 在馆    
2 0806352   208063520   第一借阅区/ [索取号:J652.5/427] 在馆    
3 0806353   208063539   第一借阅区/ [索取号:J652.5/427] 在馆    
4 0806354   208063548   第一借阅区/ [索取号:J652.5/427] 在馆    
5 0806355   208063557   密集书库-音乐系/ [索取号:J652.5/427] 在馆    
唐山师范学院图书馆 欢迎您!
大连网信软件有限公司© 版权所有